Southville International School and Colleges
Your cart is empty.
  • Cart
  • Lists
    Public lists Eva Luna New books Lux_list list_1
    Your lists Log in to create your own lists
  • Log in to your account
  • Your cookies
  • Search history
Southville International School and Colleges
  • Advanced search
  • Recent comments
  • Most popular
  • Libraries

Log in to your account

Log in with GOOGLE


If you do not have an external account, but do have a local account, you can still log in:

  1. Home
  2. MARC view: Science and technology.
Normal view MARC view ISBD view

Science and technology. (Record no. 114507)

[ view plain ]
MARC details
000 -LEADER
fixed length control field 00969nam a2200193 a 4500
005 - DATE AND TIME OF LATEST TRANSACTION
control field 20140414132102.0
008 - FIXED-LENGTH DATA ELEMENTS--GENERAL INFORMATION
fixed length control field 100722s19uu xx 00 eng d
050 ## - LIBRARY OF CONGRESS CALL NUMBER
Classification number M 600
Item number G76 2008
100 ## - MAIN ENTRY--PERSONAL NAME
Personal name Graham, Ian
245 ## - TITLE STATEMENT
Title Science and technology.
260 ## - PUBLICATION, DISTRIBUTION, ETC. (IMPRINT)
Place of publication, distribution, etc Laguna Hills, CA :
Name of publisher, distributor, etc QEB pub,
Date of publication, distribution, etc 2008.
300 ## - PHYSICAL DESCRIPTION
Extent 32 p.
440 ## - SERIES STATEMENT/ADDED ENTRY--TITLE
Title Inventions in...
500 ## - GENERAL NOTE
General note Contents: Exploring science -- Invisible world -- Seeing further -- Going nuclear -- Lasers -- Supercomputers -- Space probes -- Space stations -- Atom smashers -- Robots -- Genetic engineering -- Genetic fingerprints -- Future sci-tech. Notes: Includes index.
520 ## - SUMMARY, ETC.
Summary, etc "Tells the history of inventions that have advanced science and technology, from the microscope and telescope to supercomputers, lasers, and genetic fingerprinting"--Provided by publisher.
650 ## - SUBJECT ADDED ENTRY--TOPICAL TERM
Topical term or geographic name as entry element Inventions --History --Juvenile literature.
650 ## - SUBJECT ADDED ENTRY--TOPICAL TERM
Topical term or geographic name as entry element Science --History --Juvenile literature.
Holdings
Withdrawn status Lost status Damaged status Use restrictions Home library Current library Shelving location Date acquired Source of acquisition Cost, normal purchase price Total Checkouts Full call number Barcode Date last seen Price effective from Koha item type
        Munich Library Munich Library Main Section 07/22/2010   75.00   M 600 G76 2008 M6356 04/14/2014 04/14/2014 Books

Science and technology.

APA

Graham I., . (2008). Science and technology. Laguna Hills, CA: QEB pub.

Chicago

Graham Ian, . 2008. Science and technology. Laguna Hills, CA: QEB pub.

Harvard

Graham I., . (2008). Science and technology. Laguna Hills, CA: QEB pub.

MLA

Graham Ian, . Science and technology. Laguna Hills, CA: QEB pub. 2008.

  • Place hold
  • Print
  • Cite
  • Add to your cart (remove)
  • Save record
    BIBTEX Dublin Core MARCXML MARC (non-Unicode/MARC-8) MARC (Unicode/UTF-8) MARC (Unicode/UTF-8, Standard) MODS (XML) RIS
  • More searches
    Search for this title in:
    Other Libraries (WorldCat) Other Databases (Google Scholar) Online Stores (Bookfinder.com) Open Library (openlibrary.org)

Exporting to Dublin Core...

SOUTHVILLE LIBRARY

Southville International School and Colleges Library

1281 Tropical Ave. Cor. Luxembourg St., BF Homes International, Las Pinas City

Tel. No. 8256374 / 252358 Loc. 117/146

Powered by Koha